I don't just work here : (Record no. 24060)
[ view plain ]
| 000 -LEADER | |
|---|---|
| fixed length control field | 00740nam a22002177a 4500 |
| 005 - DATE AND TIME OF LATEST TRANSACTION | |
| control field | 20251028084344.0 |
| 008 - FIXED-LENGTH DATA ELEMENTS--GENERAL INFORMATION | |
| fixed length control field | 251016b |||||||| |||| 00| 0 eng d |
| 020 ## - INTERNATIONAL STANDARD BOOK NUMBER | |
| International Standard Book Number | 9781637744680 |
| 082 ## - DEWEY DECIMAL CLASSIFICATION NUMBER | |
| Classification number | DC 158.7 J84 2024 |
| 100 ## - MAIN ENTRY--PERSONAL NAME | |
| Personal name | Joy, Felicia. |
| 9 (RLIN) | 68860 |
| 245 ## - TITLE STATEMENT | |
| Title | I don't just work here : |
| Remainder of title | the new purpose of workplace culture / |
| Statement of responsibility, etc. | Felicia Joy and Elena Grotto. |
| 260 ## - PUBLICATION, DISTRIBUTION, ETC. (IMPRINT) | |
| Place of publication, distribution, etc. | Dallas, TX : |
| Name of publisher, distributor, etc. | Matt Holt Books, |
| Date of publication, distribution, etc. | ©2024. |
| 300 ## - PHYSICAL DESCRIPTION | |
| Extent | 228 pages : |
| Other physical details | illustrations ; |
| Dimensions | 22 cm. |
| 500 ## - GENERAL NOTE | |
| General note | Includes index. |
| 650 #0 - SUBJECT ADDED ENTRY--TOPICAL TERM | |
| Topical term or geographic name as entry element | Corporate culture. |
| 9 (RLIN) | 68983 |
| 650 #0 - SUBJECT ADDED ENTRY--TOPICAL TERM | |
| Topical term or geographic name as entry element | Psychology, Industrial. |
| 9 (RLIN) | 68984 |
| 650 #0 - SUBJECT ADDED ENTRY--TOPICAL TERM | |
| Topical term or geographic name as entry element | Industrial sociology. |
| 9 (RLIN) | 68985 |
| 650 #0 - SUBJECT ADDED ENTRY--TOPICAL TERM | |
| Topical term or geographic name as entry element | Employee retention. |
| 9 (RLIN) | 68986 |
| 700 ## - ADDED ENTRY--PERSONAL NAME | |
| Personal name | Grotto, Elena. |
| 9 (RLIN) | 68861 |
| Relator term | author. |
| 942 ## - ADDED ENTRY ELEMENTS (KOHA) | |
| Source of classification or shelving scheme | Dewey Decimal Classification |
| Koha item type | Circulation |
| Withdrawn status | Lost status | Source of classification or shelving scheme | Damaged status | Not for loan | Collection code | Home library | Current library | Date acquired | Source of acquisition | Cost, normal purchase price | Total Checkouts | Full call number | Barcode | Date last seen | Price effective from | Koha item type |
|---|---|---|---|---|---|---|---|---|---|---|---|---|---|---|---|---|
| Dewey Decimal Classification | Circulation | UM Digos College - LIC | UM Digos College - LIC | 08/11/2025 | Purchased | 2530.00 | DC 158.7 J84 2024 | 29039 | 10/16/2025 | 10/16/2025 | Circulation |
